| 000 | 00359 a2200109 4500 | ||
|---|---|---|---|
| 001 | ART_11961 | ||
| 005 | 20260410161902.0 | ||
| 008 | 260409a | ||
| 245 | 1 | 0 | _aIncome tax evasion, labour supply, and the equity-efficiency tradeoff |
| 100 | 1 | _aSandmo, Agnar | |
| 773 | 0 |
_tJournal of public economics _g- Vol. 16, NÂș 3 (dic. 1981) _wREV11485 |
|
| 999 |
_c25972 _d25972 |
||